000 00606nam a22002297a 4500
003 OSt
005 20231216114205.0
008 160509b xxu||||| |||| 00| 0 eng d
020 _a9780716724155
020 _a0534550908
040 _cDDC.
082 _a598 GIL 1995.
100 _aEdited by Gill, B. Frank;
_98557
245 _aOrnithology
250 _a2nd ed.
260 _aNew York;
_bW.H Freeman and Company,
_c1995.
300 _axxvii,766p;
_bill;
_c26cm.
504 _aincludes Appendix,Bibliography and index.
650 _aOrnithology
_98558
650 _aBirds
_95482
942 _2ddc
_cSLOAN
999 _c3900
_d3900